000 00470nam a2200181Ia 4500
001 22348
003 GE_BSU
008 181216s||||||||xx |||||||||||||| ||und||
040 _cGE_BSU
245 _aParis Match, du 12 au 18 avril. №3596. 2018
260 _aParis
260 _c2018
300 _a108p. 30 cm. illl.
653 _aParis Match, du 12 au 18 avril. №3596. 2018
653 _aПериодика
653 _aპერიოდიკა
942 _cCR
999 _c55272
_d55272